00893cam a22002651 4500001001300000003000400013005001700017008004100034010001700075035002000092040001900112042001200131050001900143100005300162245012400215260002700339300011300366500003300479500001800512600001800530600002100548600002100569600002000590999001700610ca 34000418 DLC20260227111131.0850715s1934 maubcfh 001 0ceng  aca 34000418  a(OCoLC)12266563 aDLCcViWCdDLC apremarc00aCS71.J76b19341 aJones, Melvin E.q(Melvin Elijah),d1868-ecomp.00aGenealogy of Jones, Hathaway, Richards, Gooding,ccompiled, edited, typed, printed and published by Melvin E. Jones ... aBoston, Mass.,cc1934. aiv, 306 numb. l.bfront. (port.) plates, map, facsim., fold. geneal. tab. (in pocket) coats of arms.c28 cm. a"First printing 100 copies." aMimeographed.30aJones family.30aHathaway family.30aRichards family.30aGooding family. c17299d17299